Top 10 największych państw Europy według ludności - Statystyki

Ogólne statystyki
  • Ten quiz został rozwiązany 2 360 razy
    2 351 od ostatniego zresetowania
  • Średni wynik to 9 z 10
Statystyki odpowiedzi
Liczba ludności Państwo % Poprawnych
142 470 000 Rosja
99%
38 567 000 Polska
98%
66 259 000 Francja
97%
80 996 000 Niemcy
97%
47 737 941 Hiszpania
95%
42 805 000 Ukraina
92%
61 680 000 Włochy
90%
63 742 000 Wielka Brytania
87%
21 729 871 Rumunia
68%
16 877 000 Holandia
57%
Nie znaleziono quizów pasujących do podanych kryteriów
Rozkład punktacji
Procent ludzi z każdym wynikiem
Percentyl według liczby udzielonych odpowiedzi
Twoja historia wyników
Nie rozwiązałeś tego quizu od ostatniego zresetowania